The changing face of cities : a study of development cycles and urban form /

Bibliographic Details
Main Author: Whitehand, J. W. R.
Format: Book
Language:English
Published: Oxford, UK ; New York, NY, USA : B. Blackwell, 1987.
Series:Special publications series (Institute of British Geographers) ; 21.
Subjects:

MARC

Tag First Indicator Second Indicator Subfields
LEADER 00000cam a22000008a 4500
001 in00000007743
005 20151002060027.0
008 870306s1987 enka b 00110 eng
010 |a  87006588  
020 |a 0631154590 :  |c $49.95 
035 |a (OCoLC)15427355 
035 |9 AAA0073AM 
040 |a DLC  |c DLC  |d m/c  |d TXA  |d UtOrBLW 
050 0 0 |a HT371  |b .W46 1987 
100 1 |a Whitehand, J. W. R. 
245 1 4 |a The changing face of cities :  |b a study of development cycles and urban form /  |c J.W.R. Whitehand. 
264 1 |a Oxford, UK ;  |a New York, NY, USA :  |b B. Blackwell,  |c 1987. 
300 |a x, 189 pages :  |b illustrations 
336 |a text  |b txt  |2 rdacontent 
337 |a unmediated  |b n  |2 rdamedia 
338 |a volume  |b nc  |2 rdacarrier 
490 1 |a Special publications series ;  |v 21 
504 |a Bibliography: pages 169-183. 
500 |a Includes index. 
650 0 |a Cities and towns  |x Growth. 
650 0 |a Land use, Urban. 
650 0 |a City planning. 
830 0 |a Special publications series (Institute of British Geographers) ;  |v 21. 
999 |a MARS 
999 f f |s d0e9d4e4-96b4-3fed-a608-140553a15b34  |i 994a7525-eb30-3a7c-9e7b-7bf09f9e9eae  |t 0 
952 f f |p ric  |a Texas A&M University  |b Rellis Campus  |c Joint Library Facility  |d Remote Storage  |t 0  |e HT371 .W46 1987  |h Library of Congress classification  |i unmediated -- volume  |m A14810951828 
998 f f |a HT371 .W46 1987  |t 0  |l Remote Storage